000 00337pam a2200157a 44500
008 230515b1901 xxu||||| |||| 00| 0 eng d
020 _aNULL
041 _aENGLISH
082 _aN.D.
100 _aRudenko
245 _aMaterial Handling Equipments
250 _a0
260 _aNULL
_bNULL
_c1901
300 _a335
650 _aNULL
999 _c578554
_d578554